| 000 | 00655nam a22001817a 4500 | ||
|---|---|---|---|
| 999 |
_c190616 _d190616 |
||
| 005 | 20220729165308.0 | ||
| 010 | _aENG-134106 | ||
| 020 |
_a9789387871731 _c150.00 |
||
| 035 | _aEN-117638 | ||
| 037 | _bDBAB/PUB | ||
| 082 | _a658 | ||
| 100 | _aShophiya, R. | ||
| 245 |
_aA Study On Consumer's Satisfaction Towards Various Brands of Malted Milk Food in Gobichettipalayam Town/ _cR. Shophiya |
||
| 260 |
_aTamil Nadu _bShanlax Publications _c2018 |
||
| 270 |
_a61, T.P.K. Main Road, Vasantha Nagar, Madurai _bMadurai _e625003 _k0452-4208765 _mpublisher@shanlaxpublications.com |
||
| 300 |
_a76p. _c22cm(pbk) |
||
| 942 |
_2ddc _cEN _h658 _mSHO |
||